Responses for Show #7908 - Wednesday, January 16, 2019

Anneke Garcia game 5.

Contestants

[<< previous game]

Jill Cochran, a retired technical trainer from Huntington, West Virginia

John Presloid, a microbiologist from Perrysburg, Ohio

Anneke Garcia, an instructional design consultant from Salt Lake City, Utah (whose 4-day cash winnings total $104,497)

[next game >>]

Jeopardy! Round responses

COUNTRIES
ABBREVIATED REALITY SHOWS
A NUMBER BETWEEN 1 & 100
APPROPRIATE NAMES
ENGLISH ROYAL FIRSTS
SHOP TALK
    $200 1
Peru

Jill
    $200 10
Hell's Kitchen

John
    $200 21
12

John
    $200 29
[The end-of-round signal sounds.]

Austin

John
    $200 13
abdicating

Anneke
    $400 2
Israel

John
    $400 19
Dance Moms

John
    $400 23
40

John
    $400 28
(Jill: What is Supreme?)
(Alex: No.)
(Jill: Justice.)
(Anneke: What is justice?)

chief justice

AnnekeJill
Triple Stumper
    $400 15
Edward (the Confessor)

Jill
    $400 24
bicycle

Anneke
    $600 4
Herzegovina

John
    $600 5
Sister Wives

Anneke
    $600 8
23

Anneke
    $600 12
Court

Jill
    $1,800 16
sapphire

Jill
    $600 25
dovetail

Anneke
    $800 6
Switzerland

John
    $800 3
Real Housewives of Atlanta

Jill
    $800 7
(Anneke: What is 4?)
(Jill: What is 1770--ah! No.)

76

AnnekeJill
Triple Stumper
    $800 11
Tito's

Triple Stumper
    $800 17
smallpox

Jill
    $800 26
(Alex: With less than a minute.)

anvil

Anneke
    $1000 9
Ethiopia

Triple Stumper
    $1000 20
Salvage Dawgs

Triple Stumper
    $1000 22
13

Jill
    $1000 14
Ball

Jill
    $1000 18
King John

John
    $1000 27
darts

Anneke

Scores at the first commercial break (after clue 15):

Anneke John Jill
$600 $2,000 $2,200

Scores at the end of the Jeopardy! Round:

Anneke John Jill
$3,000 $4,200 $5,400

Double Jeopardy! Round responses

SIGH... POLI SCI
HISTORY OF MEDICINE
UNLIKELY POP CULTURE PAIRINGS
CIVIL WAR POETRY
DON'T GO TO TOWN
"SHOP" TALK
    $400 6
(Anneke: What is the Soviet Union?)

West Germany

AnnekeJohn
    $400 1
anatomy

Jill
    $400 7
Fran Drescher

Anneke
    $400 24
Grant

Jill
    $400 30
burg

John
    $400 20
Photoshop

John
    $800 12
isolationism

Anneke
    $800 2
(Anneke: Who is Galen?)

Hippocrates

AnnekeJohn
    $800 8
David Bowie

Anneke
    $800 25
(Alex: With less than a minute now.)

Gettysburg

John
    $800 29
a hamlet

Anneke
    $800 19
a malt shop

Anneke
    $3,000 13
(Anneke: What is Fugitive?)

Clear and Present Danger

Anneke
    $1200 4
Heimlich

Anneke
    $1200 9
Rachel Maddow

Anneke
    $1,000 23
(Anneke: What are roses?)

lilacs

Anneke
    $1200 22
(Jill: What is Soho?)
(John: What is Manhattan?)

Greenwich Village

JohnJill
Triple Stumper
    $1200 17
(Anneke: What are chess pieces?)

bishops

Anneke
Triple Stumper
    $1600 14
Federalist

John
    $1600 3
an iron lung

Jill
    $1600 10
The A-Team

Anneke
    $1600 27
Henry Wadsworth Longfellow

Triple Stumper
    $1600 21
a kibbutz

Anneke
    $1600 15
the old curiosity shop

Jill
    $2000 16
a strongman

Anneke
    $2000 5
the pancreas

Triple Stumper
    $2000 11
Sarah McLachlan

Anneke
    $2000 28
Stonewall Jackson

Jill
    $2000 26
communes

Jill
    $2000 18
shopworn

Jill

Scores at the end of the Double Jeopardy! Round:

Anneke John Jill
$9,800 $7,400 $14,200

[wagering suggestions for these scores]

Final Jeopardy! Round responses

PEOPLE & PLACES
(Alex: The last name should have been very, very helpful.)
...
(Alex: [To John] Thursday October Christian was the son of Fletcher Christian, the Bounty mutineer.)
JohnWhat is Pitcairn Island?
$4,600
AnnekeWhat is Christmas Island?
$9,800
JillWhat is Bounty?
$6,401
Pitcairn Island

Final scores:

Anneke John Jill
$0 $12,000 $7,799
3rd place: $1,000 New champion: $12,000 2nd place: $2,000

Game dynamics:

Coryat scores:

Anneke John Jill
$13,800 $7,400 $13,000
18 R,
7 W
(including 2 DDs)
15 R,
1 W
15 R
(including 1 DD),
3 W

Combined Coryat: $34,200

[game clues] [game scores] [suggest correction]

Game tape date: 2018-11-27
The J! Archive is created by fans, for fans. Scraping, republication, monetization, and malicious use prohibited; this site may use cookies and collect identifying information. See terms. The Jeopardy! game show and all elements thereof, including but not limited to copyright and trademark thereto, are the property of Jeopardy Productions, Inc. and are protected under law. This website is not affiliated with, sponsored by, or operated by Jeopardy Productions, Inc. Join the discussion at JBoard.tv.